Statistics for [路線図付き] JR東日本 総武線快速 駅名穴埋めクイズ

Click here to take the quiz!

General Stats

  • This quiz has been taken 429 times
  • The average score is 9 of 10

Answers on the Map

Answers color-coded by a green-red scale on the quiz's map according to % correct below.
 

Answer Stats

Answer% Correct
総武線快速JO19東京
99%
総武線快速JO28千葉
97%
総武線快速JO22錦糸町
96%
総武線快速JO25船橋
94%
総武線快速JO21馬喰町
92%
総武線快速JO26津田沼
91%
総武線快速JO23新小岩
90%
総武線快速JO20新日本橋
89%
総武線快速JO24市川
88%
総武線快速JO27稲毛
86%

Score Distribution

Percentile by Number Answered

Percent of People with Each Score

Your Score History

You have not taken this quiz